| 000 | 02086nam a22003857a 4500 | ||
|---|---|---|---|
| 001 | 0066029 | ||
| 003 | KOHA_MİRAKIL | ||
| 005 | 20260207004625.0 | ||
| 007 | ta | ||
| 008 | 210312b2007 tu |||gr||||#0|||1|tur | | ||
| 040 |
_aTR-BiSEU _btur _cTR-BiSEU _erda |
||
| 041 | 0 | _atur | |
| 044 | _ctu | ||
| 050 |
_aPL248.K33 _bM53 2007 |
||
| 240 | 1 | 0 |
_aKeçeci-zâde İzzet Molla and Minnet-Keşân _lTürkçe |
| 245 | 0 |
_aKeçeci-zâde İzzet Molla ve Mihnet-Keşân = _bKeçeci-zâde İzzet Molla and Minnet-Keşân/ _chazırlayan Ali Emre Özyıldırım. |
|
| 264 | 1 |
_a[Cambridge, Mass.] : _bHarvard Üniversitesi Yakındoğu Dilleri ve Medeniyetleri Bölümü _c2007 |
|
| 300 |
_a2 cilt: tıpkıbasım ; _c28 cm. |
||
| 336 |
_ametin _btxt _2rdacontent |
||
| 337 |
_aaracısız _bn _2rdamedia |
||
| 338 |
_acilt _bnc _2rdacarrier |
||
| 490 | 1 |
_aDoğu dilleri ve edebiyatlarının kaynakları ; _v81-82. |
|
| 490 | 1 |
_a Türkçe kaynaklar ; _v71-72 = _a Sources of Oriental languages and literatures ; _v81-82. |
|
| 490 | 1 |
_a Turkish sources ; _v71-72 |
|
| 500 | _aKaynakça var. | ||
| 505 | _aPt.1. İzzet Molla'nın hayatı ve eserleri, metin tahlili, tıpkıbasım (Avusturya Milli Kütüphanesi 2838 ve Süleymaniye Esad Efendi 2898 = A study on İzzet Molla's life and works, textual analysis, facsimile of the Osterreichische Nationalbibliothek 2838 and Süleymaniye, Esad Efendi 2898 -- Pt.2. Esad Efendi'nin Takrizi, tenkitli metin ve açıklamalı indeks (kişi, yer ve eser adları) = Takriz of Esad Efendi, critical edition and index (names of persons, places and books). | ||
| 650 | 0 |
_aKeçecizade İzzet Molla, 1785-1829. _9124402 |
|
| 650 | 0 |
_aKeçecizade İzzet Molla, 1785-1829--Criticism and interpretation. _9124403 |
|
| 650 | 0 |
_aAuthors, Turkish--18th century--Biography. _9124404 |
|
| 830 | 1 |
_aDoğu dilleri ve edebiyatlarının kaynakları ; _v81-82. _985097 |
|
| 830 | 1 |
_a Türkçe kaynaklar ; _v71-72 = _a Sources of Oriental languages and literatures ; _v81-82. _9124189 |
|
| 830 | 1 |
_a Turkish sources ; _v71-72 _9124190 |
|
| 907 | _aEdebiyat | ||
| 942 |
_2lcc _cBK |
||
| 999 |
_c66412 _d66412 |
||